Japan trade study

Đã lưu trong:
Sonraí Bibleagrafaíochta
Príomhúdar: Dyche, Schubert J.
Formáid: Leabhar
Teanga:Undetermined
Foilsithe: Tokyo Assist Financial Attache 1972
Ábhair:
Clibeanna: Cuir Clib Leis
Gan Chlibeanna, Bí ar an gcéad duine leis an taifead seo a chlibeáil!
Thư viện lưu trữ: Trung tâm Học liệu Trường Đại học Cần Thơ
LEADER 00484nam a2200193Ia 4500
001 CTU_86524
008 210402s9999 xx 000 0 und d
082 |a 380.1 
082 |b D994 
100 |a Dyche, Schubert J. 
245 0 |a Japan trade study 
245 0 |c Schubert J. Dyche 
260 |a Tokyo 
260 |b Assist Financial Attache 
260 |c 1972 
650 |a Commerce 
650 |z Japan 
904 |i Trúc 
980 |a Trung tâm Học liệu Trường Đại học Cần Thơ